000 00271nam a2200121Ia 4500
008 190216s9999||||xx |||||||||||||| ||und||
100 _aCharles Kingsley
245 4 _aThe Water Babies
260 _bDean&Son Ltd
_c1987
300 _a184p
650 _aNovel
942 _cBK
999 _c11750
_d11750